Mills and Allen Ltd v Commission for the New Towns (Record no. 67442)
[ view plain ]
| 000 -LEADER | |
|---|---|
| fixed length control field | 02353cam a2200301 4500 |
| 001 - CONTROL NUMBER | |
| control field | ABS64187 |
| 008 - FIXED-LENGTH DATA ELEMENTS--GENERAL INFORMATION | |
| fixed length control field | 000000n2001 000 0 eng u |
| 035 ## - SYSTEM CONTROL NUMBER | |
| System control number | (Sirsi) u113236 |
| 245 ## - TITLE STATEMENT | |
| Title | Mills and Allen Ltd v Commission for the New Towns |
| 260 ## - PUBLICATION, DISTRIBUTION, ETC. | |
| Date of publication, distribution, etc. | 2001 |
| 490 ## - SERIES STATEMENT | |
| Series statement | Rating and Valuation Reporter |
| Volume/sequential designation | [2001] RVR 114-116(3) |
| 520 ## - SUMMARY, ETC. | |
| Summary, etc. | LT 10 January 2001. The claimant (M) maintained some advertisement hoardings on a site occupied under licence from the British Railways Property Board which were removed after the land was acquired by the Tyne and Wear Development Corporation (T). M sought a disturbance payment under the Land Compensation Act 1973 s37 but the respondent (C), as successor to T, contended that no payment was due as M had had no interest acquired, had been displaced by a clause in the concession agreement which terminated its right to occupy and was not in lawful possession at the time of the displacement, whilst T had not been in possession of compulsory purchase powers at the time of displacement. It was held, however, that M was entitled to compensation on the following grounds: the fact that no interest of M's had been acquired was irrelevant because the provision existed to provide disturbance compensation for those having no interest requiring to be purchased; that the acquisition had ended the M's right to occupy the land; that the requirement was that M had been in lawful possession at the time of the agreement rather than the possession; that T possessed compulsory purchase powers; that there was no basis for the contention that M would not have been better off had T not acquired the land. Copy of the determination available at http://www.courtservice.gov.uk/tribunals/lands/decisions/dec-lca-144-00.htm |
| 590 ## - LOCAL NOTE (RLIN) | |
| Local note | ABS |
| 650 ## - SUBJECT ADDED ENTRY--TOPICAL TERM | |
| Topical term or geographic name entry element | ADVERTISEMENT SITES |
| 650 ## - SUBJECT ADDED ENTRY--TOPICAL TERM | |
| Topical term or geographic name entry element | ADVERTISING HOARDINGS |
| 650 ## - SUBJECT ADDED ENTRY--TOPICAL TERM | |
| Topical term or geographic name entry element | COMPENSATION |
| 650 ## - SUBJECT ADDED ENTRY--TOPICAL TERM | |
| Topical term or geographic name entry element | Compulsory purchase |
| 9 (RLIN) | 6228 |
| 650 ## - SUBJECT ADDED ENTRY--TOPICAL TERM | |
| Topical term or geographic name entry element | DISPOSAL OF LAND |
| 650 ## - SUBJECT ADDED ENTRY--TOPICAL TERM | |
| Topical term or geographic name entry element | DISTURBANCE PAYMENTS |
| 650 ## - SUBJECT ADDED ENTRY--TOPICAL TERM | |
| Topical term or geographic name entry element | ENGLISH PARTNERSHIPS |
| 650 ## - SUBJECT ADDED ENTRY--TOPICAL TERM | |
| Topical term or geographic name entry element | LAND COMPENSATION ACT 1973 S37 |
| 650 ## - SUBJECT ADDED ENTRY--TOPICAL TERM | |
| Topical term or geographic name entry element | MILLS AND ALLEN LTD V COMMISSION FOR THE NEW TOWNS |
| 650 ## - SUBJECT ADDED ENTRY--TOPICAL TERM | |
| Topical term or geographic name entry element | RIGHT TO OCCUPY |
| 650 ## - SUBJECT ADDED ENTRY--TOPICAL TERM | |
| Topical term or geographic name entry element | TERMINATION |
| 690 ## - LOCAL SUBJECT ADDED ENTRY--TOPICAL TERM (OCLC, RLIN) | |
| Topical term or geographic name as entry element | PROPERTY AND LAND LAW-CASE LAW |
| 856 ## - ELECTRONIC LOCATION AND ACCESS | |
| Uniform Resource Identifier | <a href="https://www.courtservice.gov.uk/tribunals/lands/decisions/dec-lca-144-00.htm">https://www.courtservice.gov.uk/tribunals/lands/decisions/dec-lca-144-00.htm</a> |
| 942 ## - ADDED ENTRY ELEMENTS (KOHA) | |
| Suppress in OPAC | 0 |
| Withdrawn status | Lost status | Source of classification or shelving scheme | Damaged status | Not for loan | Home library | Current library | Shelving location | Date acquired | Total Checkouts | Full call number | Barcode | Date last seen | Copy number | Price effective from | Koha item type |
|---|---|---|---|---|---|---|---|---|---|---|---|---|---|---|---|
| Dewey Decimal Classification | London | London | Journal article | 22/06/2001 | ABS64187 | 113236-1001 | 06/08/2019 | 1 | 06/08/2019 | Law report |